Jiao hui de gu shi : (Record no. 1636)

MARC details
000 -LEADER
fixed length control field 02594cam a2200601 i 4500
001 - CONTROL NUMBER
control field data
005 - DATE AND TIME OF LATEST TRANSACTION
control field 20260322212110.0
008 - FIXED-LENGTH DATA ELEMENTS--GENERAL INFORMATION
fixed length control field data
035 ## - SYSTEM CONTROL NUMBER
System control number 20775672
010 ## - LIBRARY OF CONGRESS CONTROL NUMBER
LC control number 2019449751
020 ## - INTERNATIONAL STANDARD BOOK NUMBER
International Standard Book Number 9789866355462
020 ## - INTERNATIONAL STANDARD BOOK NUMBER
International Standard Book Number 9866355462
035 ## - SYSTEM CONTROL NUMBER
System control number (OCoLC)1078700116
040 ## - CATALOGING SOURCE
Original cataloging agency LGV
Language of cataloging eng
Description conventions rda
Transcribing agency LGV
Modifying agency DLC
-- OCLCF
-- DLC
041 1# - LANGUAGE CODE
Language code of text/sound track or separate title chi
Language code of original eng
042 ## - AUTHENTICATION CODE
Authentication code lccopycat
050 00 - LIBRARY OF CONGRESS CALL NUMBER
Classification number BR145.3
Item number .B73127 2018
066 ## - CHARACTER SETS PRESENT
Alternate G0 or G1 character set $1
100 1# - MAIN ENTRY--PERSONAL NAME
Personal name Bray, Gerald Lewis,
Relator term author.
240 10 - UNIFORM TITLE
Uniform title Church.
Language of a work Chinese
245 10 - TITLE STATEMENT
Linkage 880-01
Title Jiao hui de gu shi :
Remainder of title shen xue yu li shi = The church : a theological and historical account / Jielade Bulei (Gerald Bray) zhu ; Gu Huade yi.
246 1# - VARYING FORM OF TITLE
Linkage 880-02
Display text Introductory term on cover and title page:
Title proper/short title zai li shi chang lang li xun si jiao hui chu jing yu shen xue fa zhan
246 30 - VARYING FORM OF TITLE
Linkage 880-03
Title proper/short title Shen xue yu li shi
246 31 - VARYING FORM OF TITLE
Title proper/short title Church : a theological and historical account
250 ## - EDITION STATEMENT
Linkage 880-04
Edition statement Chu ban.
264 #1 - PRODUCTION, PUBLICATION, DISTRIBUTION, MANUFACTURE, AND COPYRIGHT NOTICE
Linkage 880-05
Place of production, publication, distribution, manufacture Xin bei shi :
Name of producer, publisher, distributor, manufacturer Zhonghua fu yin xue yuan chu ban she,
Date of production, publication, distribution, manufacture, or copyright notice 2018.
300 ## - PHYSICAL DESCRIPTION
Extent 425 pages ;
Dimensions 21 cm.
336 ## - CONTENT TYPE
Content type term text
Content type code txt
Source rdacontent
337 ## - MEDIA TYPE
Media type term unmediated
Media type code n
Source rdamedia
338 ## - CARRIER TYPE
Carrier type term volume
Carrier type code nc
Source rdacarrier
490 1# - SERIES STATEMENT
Linkage 880-06
Series statement Jiao hui li shi xi lie ;
Volume/sequential designation 13
500 ## - GENERAL NOTE
General note Translation of: The church : a theological and historical account / Gerald Bray ; Grand Rapids, Mich. : Baker Academic, 2016.
504 ## - BIBLIOGRAPHY, ETC. NOTE
Bibliography, etc. note Includes bibliographical references.
650 #0 - SUBJECT ADDED ENTRY--TOPICAL TERM
Topical term or geographic name entry element Church history.
650 #0 - SUBJECT ADDED ENTRY--TOPICAL TERM
Topical term or geographic name entry element Church.
650 #7 - SUBJECT ADDED ENTRY--TOPICAL TERM
Topical term or geographic name entry element Church.
Source of heading or term fast
Authority record control number or standard number (OCoLC)fst00860364
650 #7 - SUBJECT ADDED ENTRY--TOPICAL TERM
Topical term or geographic name entry element Church history.
Source of heading or term fast
Authority record control number or standard number (OCoLC)fst00860740
700 1# - ADDED ENTRY--PERSONAL NAME
Linkage 880-07
Personal name Gu, Huade,
Relator term translator.
880 10 - ALTERNATE GRAPHIC REPRESENTATION
Linkage 245-01/$1
a $13BD!CZ!M"!BB!0P(B :
b $1!Nk!:`!T2!F*!5=(B = The church : a theological and historical account / $1!2A!@9!=u(B·$1'18!_V(B (Gerald Bray) $1!UN(B ; $1!`V!U<!=u!YF(B.
880 1# - ALTERNATE GRAPHIC REPRESENTATION
Linkage 246-02/$1
i Introductory term on cover and title page:
a $1!7z!F*!5=!^L!="-Wc!;B!>.3BD!CZ!VG!8W!T2!Nk!:`!L{!;Z(B
880 30 - ALTERNATE GRAPHIC REPRESENTATION
Linkage 246-03/$1
a $1!Nk!:`!T2!F*!5=(B
880 ## - ALTERNATE GRAPHIC REPRESENTATION
Linkage 250-04/$1
a $1!WN!JH(B.
880 #1 - ALTERNATE GRAPHIC REPRESENTATION
Linkage 264-05/$1
a $1!Be!4I!<D(B :
b $1!04!U<!Nv!`1!:`!^z!3K!JH!Na(B,
c 2018.
880 1# - ALTERNATE GRAPHIC REPRESENTATION
Linkage 490-06/$1
a $13BD!CZ!F*!5=!Pn!3W(B ;
v 13
880 1# - ALTERNATE GRAPHIC REPRESENTATION
Linkage 700-07/$1
a $1!`V!U<!=u(B,
e translator.
830 #0 - SERIES ADDED ENTRY--UNIFORM TITLE
Linkage 880-08
Uniform title Jiao hui li shi xi lie ;
Volume/sequential designation 13.
880 #0 - ALTERNATE GRAPHIC REPRESENTATION
Linkage 830-08/$1
a $13BD!CZ!F*!5=!Pn!3W(B ;
v 13.
906 ## - LOCAL DATA ELEMENT F, LDF (RLIN)
a 7
b cbc
c copycat
d 3
e ncip
f 20
g y-nonroman
925 0# -
-- acquire
-- 1 shelf copy
-- policy default
923 ## -
-- LEXIS
985 ## -
-- Lexis Book Co
-- 2018-12-11
Holdings
Withdrawn status Lost status Damaged status Not for loan Home library Current library Shelving location Date acquired Total checkouts Full call number Barcode Date last seen Price effective from Koha item type
        Institut Protestant de Théologie Institut Protestant de Théologie General stacks 22/03/2026   BR145.3 LOC-IPT-00027 22/03/2026 22/03/2026 Books